Kreatívna ekonomika ako hnacia sila rozvoja vidieckych regiónov Slovenska
Dopad kultúrnych a kreatívnych odvetví na regionálny a miestny rozvoj so špecifickým zameraním na vidiecke a periférne regióny Slovenska.
Guardado en:
| Autor principal: | |
|---|---|
| Otros Autores: | |
| Formato: | Capítulo de libro |
| Lenguaje: | eslovaco |
| Materias: | |
| Etiquetas: |
Sin Etiquetas, Sea el primero en etiquetar este registro!
|
MARC
| LEADER | 00000nla a2200000 4500 | ||
|---|---|---|---|
| 001 | 0239478 | ||
| 005 | 20240411151359.3 | ||
| 041 | 0 | |a slo | |
| 044 | |a SK | ||
| 245 | 1 | 0 | |a Kreatívna ekonomika ako hnacia sila rozvoja vidieckych regiónov Slovenska |c Katarína Melichová, Marek Lietava |
| 520 | |a Dopad kultúrnych a kreatívnych odvetví na regionálny a miestny rozvoj so špecifickým zameraním na vidiecke a periférne regióny Slovenska. | ||
| 610 | 2 | 0 | |a Slovensko |
| 610 | 2 | 0 | |a ekonomika kreatívna |
| 610 | 2 | 0 | |a vidiek |
| 610 | 2 | 0 | |a regióny |
| 610 | 2 | 0 | |a politika regionálna |
| 100 | 1 | |a Melichová, Katarína | |
| 700 | 1 | |a Lietava, Marek | |